| 000 | 01827cam a2200481Mi 4500 | ||
|---|---|---|---|
| 003 | PE-LiUPU | ||
| 005 | 20250731183345.0 | ||
| 008 | 010323s1997 ag a r 001 0 spa d | ||
| 020 | _a9789879637012 | ||
| 020 | _a9879637011 | ||
| 035 | _a(Sirsi) i9789879637012 | ||
| 040 |
_aXRG _bspa _cXRG _dOCLCQ _dPL# _dXVF _dCKDNB _dOCLCF _dOCLCO _dOCLCQ _dOCLCO _dPE-LiUPU _erda |
||
| 082 | 0 | 4 |
_a701 _bM68 _222 |
| 100 | 1 |
_aMoholy-Nagay, László, _d1895-1946, _eautor. |
|
| 245 | 1 | 3 |
_aLa nueva visión y reseña de un artista / _cLászló Moholy-Nagay ; traducido por: Brenda L. Kenny. |
| 250 | _aQuinta edición en español, 2008. | ||
| 264 |
_aBuenos Aires, Argentina : _bEdiciones Infinito, _c2008. |
||
| 300 |
_a165 páginas : _bilustraciones ; _c23 centímetros. |
||
| 336 |
_atext _2rdacontent |
||
| 337 |
_aunmediated _2rdamedia |
||
| 338 |
_avolume _2rdacarrier |
||
| 490 | 0 | _aBiblioteca de diseño. | |
| 526 | _aP158 | ||
| 526 | _aP146 | ||
| 526 | _aP17 | ||
| 526 | _aP12 | ||
| 526 | _aP06 | ||
| 541 | _g003-001192; | ||
| 648 | 7 |
_a1900 - 1999 _2fast |
|
| 650 | 4 |
_aArquitectura. _94555 |
|
| 650 | 4 |
_aArte _xTécnica. |
|
| 650 | 4 | _aEscultura. | |
| 653 | _aArquitectura. | ||
| 653 |
_aArte _aTécnica. |
||
| 653 | _aEscultura. | ||
| 700 | 1 |
_aKenny, Brenda L., _etraductor |
|
| 910 |
_ajck _bebj _cebj _d20160621 |
||
| 942 |
_2ddc _cBOOK |
||
| 949 |
_a701 M68 _wDEWEY _c1 _i73750 _d2016-9-26 _e2016-9-21 _lCCODEBUL1 _mBUL _n6 _p20.92 _r0 _sY _tBOOK _u2016-6-21 _xSALUD _PP06 _0COMPRA _o.STAFF. Colección General |
||
| 994 |
_aC0 _bPEPRU |
||
| 596 | _a1 | ||
| 999 |
_a701 M68 _wDEWEY _c10073 _i73750 _d10073 _e2016-9-21 _f2021-11-9 _g5 _lCCODEBUL1 _mBUL _n6 _p20.92 _r0 _sY _tBOOK _u2016-6-21 _xINGENIERIA _PP06 _0COMPRA _o.STAFF. Colección General |
||
| 980 |
_81 _gALBERTO SANCHEZ Responsable de Automatización |
||